000 00791nam a2200193 a 4500
001 001149594
003 AM-YeHGA
005 20250617152312.0
008 160518s1984 ru abd r 001 0 rus d
040 _aAM-YeHGA
041 0 _arus
245 1 0 _aВосточный Туркестан и Средняя Азия :
_bИстория, культура, связи /
_cАН СССР. Ин-т востоковедения; Под ред. Б.А. Литвинского.
260 _aМосква :
_bНаука,
_c1984.
300 _a238 с. :
_bил.
653 0 _aВосточный Туркестан - История и культура
700 1 _aЛитвинский, Б.А.
_eред.
_4edt
710 2 _aИнститут востоковедения АН СССР
090 _c370145
999 _c368274
_d368274